000 00275nam a2200121Ia 4500
005 20251222143108.0
008 251222s9999||||xx |||||||||||||| ||spa||
082 _a803.08/S17/T.III
245 0 _aEl Mundo de los NiƱos
250 _a8a.ed.
264 _bSalvat
942 _cLIB
999 _c11080
_d11080